000 00288nam a2200109Ia 4500
008 220204s9999 xx 000 0 und d
082 _a301
_bPAR
100 _aParsons, Talcott
245 0 _aAction theory and the human coondition
260 _aLondon
_bCollier Macmillan
_c1978
942 _cBK
999 _c33284
_d33284